| 000 | 03294nam a2200301Ia 4500 | ||
|---|---|---|---|
| 003 | OSt | ||
| 005 | 20210205172403.0 | ||
| 008 | 191128s2011 ck ad fr 000 0 spa d | ||
| 020 | _a9789587340877 | ||
| 040 |
_aCO-JMCR _cCO-JMCR |
||
| 041 | 0 | _aspa | |
| 082 | 0 | 4 |
_a334 / _bC352p _223 |
| 100 | 1 |
_aCastillo Sandoval, Darío, _eautor _96165 |
|
| 245 | 1 | 0 |
_aPolíticas públicas y cooperativismo en Colombia : _b30 años de encuentros y desencuentros / _cDarío Castillo Sandoval, Christian José Mora Padilla, Néstor Rodríguez Espinosa y [otros 4] |
| 250 | _aPrimera edición | ||
| 260 |
_aBogotá : _bIEMP Ediciones, _c2011 |
||
| 300 |
_a315 páginas : _bilustraciones y gráficas a blanco y negro ; _c24 cm. |
||
| 500 | _aTapa: "Un aporte al "Año Internacional de loas Cooperativas, 2012" (ONU) y a la celebración de los 80 años de la primera Ley de Cooperativas (Ley 134 de 1931)" | ||
| 504 | _aBibliografía: páginas 303-315 | ||
| 505 | 0 | _aEl papel del ministerio público frente al cooperativismo en Colombia -- Marco conceptual sobre las políticas públicas en el sector cooperativo en Colombia -- Reseña histórica del cooperativismo en Colombia -- Marco legal de las políticas públicas del sector cooperativo -- Planes de desarrollo del sector cooperativo de 1980 a 2010 una mirada al Plandecoop -- Análisis de las políticas públicas en el sector agropecuario y su incidencia en el cooperativismo -- Las políticas públicas en el sector de cooperativas de consumo 1980-2010 -- Política pública a nivel nacional en Colombia frente al cooperativismo financiero y de ahorro y crédito en el período 1980-2010 -- Análisis de las políticas públicas en materia del cooperativismo de trabajo asociado en el periodo 1980-2010 -- A manera de conclusión: retos del cooperativismo colombiano para la próxima década 2010-2019 | |
| 520 | 3 | _aEl presente libro recoge un cuidadoso estudio realizado por un grupo de investigadores expertos en el tema cooperativo, sobre el papel que las políticas públicas han jugado en el desarrollo e impulso de los sectores cooperativos del ahorro y crédito, el cooperativismo de trabajo asociado, las cooperativas de consumo y las cooperativas agropecuarias. Su publicación en este momento, es de una gran importancia porque permite tener claridades con relación a la manera como el Estado se ha relacionado con el cooperativismo, afectándolo favorable o desfavorablemente. Las conclusiones del estudio, si bien son preocupantes al denotar el desconocimiento que el sector público tiene sobre los aspectos centrales de la propuesta cooperativa, que conduce a que la política pública no sea favorable para el impulso y consolidación del sector, también traduce una crítica a los líderes del sector, por su escasa preocupación en buscar una mayor visibilidad del sector en la sociedad colombiana a la vez que ofrece una orientación precisa del quehacer a futuro del sector, en cuanto a su relación con el Estado y con la sociedad civil. | |
| 650 | 1 | 4 |
_aCooperativismo _zColombia _96166 |
| 650 | 1 | 4 |
_aPolíticas públicas _zColombia _96167 |
| 650 | 1 | 4 |
_aCooperativas _zColombia _96168 |
| 700 | 1 |
_aMora Padilla, Christian José, _eautor _96169 |
|
| 700 | 1 |
_aRodríguez Espinosa, Néstor, _eautor _96170 |
|
| 942 |
_2ddc _cBK |
||
| 999 |
_c3923 _d3923 |
||